The Ethernet Management Guide / Martin A. W. Nemzow (Registro nro. 12733)
[ vista simple ]
| 000 -LÍDER | |
|---|---|
| fixed length control field | 00528nam a2200169 4500 |
| 008 - ELEMENTOS DE LONGITUD FIJA -- INFORMACIÓN GENERAL | |
| fixed length control field | 0 1988 0a 000 0USA |
| 020 ## - NÚMERO INTERNACIONAL NORMALIZADO PARA LIBROS | |
| ISBN | 0-07-046320-4 |
| 050 ## - SIGNATURA TOPOGRAFICA DE LA BIBLIOTECA DEL CONGRESO (LC) | |
| Número de Clasificación | TK5105.8 E83 N46 |
| 082 ## - NUMERO DE CLASIFICACION DECIMAL DEWEY | |
| Número de Clasificación | 001.644.04 N364t |
| 100 ## - ASIENTO PRINCIPAL--NOMBRE PERSONAL | |
| Nombre personal | Nemzow, Martin A. W. |
| 245 ## - TÍTULO | |
| Título | The Ethernet Management Guide / Martin A. W. Nemzow |
| 250 ## - MENCIÓN DE EDICIÓN | |
| Mención de edición | 2 |
| 260 ## - PUBLICACIÓN, DISTRIBUCIÓN, ETC. (PIE DE IMPRENTA) | |
| Lugar de publicación, distribución, etc. | United States of America : McGraw-Hill |
| 300 ## - DESCRIPCIÓN FÍSICA | |
| Extensión | x, 550 p. / 23 cm. |
| 500 ## - NOTA GENERAL | |
| Nota general | Contiene Ap‚ndice Bibliografía e Index |
| 650 ## - ASIENTO SECUNDARIO DE MATERIA - TERMINO TEMÁTICO | |
| Término temático o nombre geográfico como elemento de entrada | 1.ETHERNET (RED DE AREA LOCAL) |
| No. biblioteca | No. biblioteca | Número de clasificación | Código de barras/Número de adquisición | Número de copia | Tipo de material |
|---|---|---|---|---|---|
| LUIS G. INCLAN | LUIS G. INCLAN | 001.644.04 N364t | 21391 | 1 | Libros |
| LUIS G. INCLAN | LUIS G. INCLAN | 001.644.04 N364t | 21393 | 3 | Libros |
| LUIS G. INCLAN | LUIS G. INCLAN | 001.644.04 N364t | 21396 | 6 | Libros |
| LUIS G. INCLAN | LUIS G. INCLAN | 001.644.04 N364t | 21395 | 5 | Libros |
| LUIS G. INCLAN | LUIS G. INCLAN | 001.644.04 N364t | 21394 | 4 | Libros |
